Premier League kits 2022-2023 - Statistics

General Stats
  • This quiz has been taken 157 times
  • The average score is 17 of 20
Answer Stats
Picture Answer % Correct
Manchester United
100%
West Ham United
95%
Tottenham Hotspur
92%
Arsenal
90%
Chelsea
89%
Manchester city
89%
Aston Villa
88%
Crystal Palace
88%
Liverpool
88%
Wolverhampton Wanderers
88%
Newcastle United
86%
AFC Bournemouth
83%
Everton
83%
Brentford
80%
Nottingham Forest
79%
Leicester City
75%
Southampton
75%
Fulham
74%
Leeds United
74%
Brighton and Hove Albion
60%
No matching quizzes found
Score Distribution
Percent of People with Each Score
Percentile by Number Answered
Your Score History
You have not taken this quiz